Congreso Vitícola de San Sadurní de Noya [i.e. Sant Sadurní d'Anoia] : acta informada de la sesión celebrada en 19 de mayo de 1898 acta informada de la sesión celebrada en 19 de mayo de 1898
Descripción Física:
131 p. ; 27 cm
Materias:
Vi -- Congressos
MARC
| LEADER | 00000nam a2200000Ia 4500 | ||
|---|---|---|---|
| 001 | 16508 | ||
| 008 | 160829s1898 xx 000 0 cat d | ||
| 080 | |a 2968, exp. 15 | ||
| 100 | |a Congreso Vitícola (1898 : Sant Sadurní d'Anoia) |9 48253 | ||
| 245 | |a Congreso Vitícola de San Sadurní de Noya [i.e. Sant Sadurní d'Anoia] : |b acta informada de la sesión celebrada en 19 de mayo de 1898 | ||
| 260 | |a Barcelona : |b (Tipografía de la Casa Provincial de Caridad), |c 1898 | ||
| 300 | |a 131 p. ; |c 27 cm | ||
| 650 | |a Vi |x Congressos |9 37226 | ||
| 901 | |a Arxiu | ||
| 942 | |n 1 | ||
| 952 | |0 0 |1 0 |4 0 |6 2968_EXP_15 |7 1 |9 54424 |a Arxiu |b Arxiu |d 2016-12-01 |l 0 |o 2968, exp. 15 |p 16508 |r 2016-12-01 00:00:00 |w 2016-12-01 |y ARXIU | ||
| 999 | |c 58293 |d 58293 | ||